000 00552nam a22002057a 4500
003 Ost
005 20260226071323.0
008 260226b |||||||| |||| 00| 0 eng d
020 _a9781439813102
040 _cBT-PhCST
050 _a25646
082 _222
_a628.1091732
_bKAR
100 _a Karamouz, Mohammad.
245 _aUrban water engineering and management /
260 _aLondon :
_bCRC Press,
_cc2010.
300 _axxv, 602 p. :
_bill. ;
_c26 cm.
500 _aIncludes index.
700 _aMoridi, Ali & Nazif, Sara.
942 _2ddc
_cWRE
999 _c10151
_d10151